Ρώμη : η τέχνη στο επίκεντρο της εξουσίας ; από τις απαρχές έως τον 2ο αιώνα μ.Χ.

Αποθηκεύτηκε σε:
Λεπτομέρειες βιβλιογραφικής εγγραφής
Κύριος συγγραφέας: Bianchi Bandinelli, Ranuccio, 1900-1975
Άλλοι συγγραφείς: Κατσιφός, Ευάγγελος (Μεταφραστής)
Μορφή: Βιβλίο
Γλώσσα:Greek
French
Δημοσίευση: [Αθήνα] : Καθημερινή, c2007.
Σειρά:Μεγάλοι πολιτισμοί. Βιβλιοθήκη τέχνης (Εφημ. Η Καθημερινή) ; 4
Θέματα:
Ετικέτες: Προσθήκη ετικέτας
Δεν υπάρχουν, Καταχωρήστε ετικέτα πρώτοι!

MARC

LEADER 00000cam a2200000 a 4500
001 1/119440
008 190703s2007####gr | ||| |||| ||gre||
020 |a 9789606709944  |q (σκληρό εξώφυλλο) 
040 |a GR-MyUa  |b gre  |c GR-MyUa  |e AACR2 
041 1 |a gre  |h fre  |k ita 
082 7 |a 709   |2 (23) 
100 1 |a Bianchi Bandinelli, Ranuccio,   |d 1900-1975. 
245 1 0 |a Ρώμη :   |b η τέχνη στο επίκεντρο της εξουσίας ; από τις απαρχές έως τον 2ο αιώνα μ.Χ. /   |c Ρανούτσιο Μπιάνκι Μπαντινέλι ; [συντονισμός έκδοσης: Βασίλης Μηνακάκης ; μετάφραση από την ιταλική έκδοση: Βαγγέλης Κατσιφός ; επιμέλεια - διόρθωση: Δημήτρης Αλεξάκης].  
260 |a [Αθήνα] :   |b Καθημερινή,   |c c2007.  
300 |a 415 σ. :   |b εικ. (ορισμένες έγχρ.), φωτ. ;   |c 24 εκ.  
490 1 |a (Μεγάλοι πολιτισμοί. Βιβλιοθήκη τέχνης / Εφημ. Η Καθημερινή ;   |v  4) 
500 |a Τίτλος πρωτοτύπου: Rome le centre du pouvoir , Paris : Gallimard, 1970.  
500 |a Προσφορά της εφημερίδας "Καθημερινή" Μεγάλοι Πολιτισμοί. Βιβλιοθήκη Τέχνης.  
504 |a Βιβλιογραφία : σ. 393-406.  
504 |a Ευρετήριο : σ. 407-413.  
650 0 |a Art  |x History. 
650 0 |a Art  |z Italy  |z Rome. 
700 1 |a Κατσιφός, Ευάγγελος,  |e trl 
830 0 |a Μεγάλοι πολιτισμοί.   |p Βιβλιοθήκη τέχνης (Εφημ. Η Καθημερινή)  |v  ; 4 
852 |a INST  |b LEMNOS  |e 20190703  |h 709 ΒΙΑ  |p 005600002078  |q 005600002078  |t BK  |y 0 
852 |a INST  |b RHODES  |e 20210922  |h 709 BIA  |p 005400042258  |q 005400042258  |t BK  |y 0 
970 |a Πανταζή  |b Αντωνία   |z 03/04/2019